00606nam a2200205Ia 4500008004100000041001200041082001000053082001100063100001600074100001100090245006800101260001100169260003000180260000900210300001500219650002200234942000700256999001900263952011800282150909s9999 xx 000 0 und d aEnglish a302.2 bDUB/LA aDubey S N  eEditor aLand alienation and restoration in Triabal Communities in India aBombay bHimalaya publishing house c1977 a213 Pages aRural development cBK c247607d247607 00104070aKAUCOAbKAUCOAd2022-03-03l0o302.2 DUB/LApKAU-COA-5455 r2015-09-16 00:00:00w2015-09-16yBK